Marriage: Ideal-Law-Practice: proceedings of a conference held in memory of Henryk Kupiszewski

I tiakina i:
Ngā taipitopito rārangi puna kōrero
Ngā kaituhi matua: Sluzewska, Zuzanna (Author), Urbanik, Jakub (Author)
Hōputu: Pukapuka
Reo:Ingarihi
Wīwī
Itāriana
I whakaputaina: Varsovia Warsaw University 2005
Varsovia Stefan Wyszynski University 2005
Rangatū:The Journal of Juristic Papyrology, 5
Ngā marau:
Ngā Tūtohu: Tāpirihia he Tūtohu
Kāore He Tūtohu, Me noho koe te mea tuatahi ki te tūtohu i tēnei pūkete!

MARC

LEADER 00000nam a2200000 a 4500
001 UCH9338
003 CL-VaPUC
008 091231e20050000pl |||||||||||||||||eng|d
020 |a 8391825043 
041 0 7 |a eng  |2 CL-VaPUC 
041 0 7 |a fre  |2 CL-VaPUC 
041 0 7 |a ita  |2 CL-VaPUC 
082 0 4 |a 306.8  |b SLU  |2 21 
100 0 |a Sluzewska, Zuzanna  |e author  |9 546339 
700 0 |a Urbanik, Jakub  |e author  |9 546340 
245 1 0 |a Marriage: Ideal-Law-Practice: proceedings of a conference held in memory of Henryk Kupiszewski 
300 |a 261 p 
942 |c BK 
945 |d 20091231 00:00:00  |a dcastane 
260 |a Varsovia  |b Warsaw University  |c 2005 
260 |a Varsovia  |b Stefan Wyszynski University  |c 2005 
650 7 |a MATRIMONIO  |2 CL-VaPUC  |9 546341 
650 0 |a Derecho romano  |9 255930 
650 0 |a Derecho griego  |9 324043 
650 0 |a Historia del derecho  |9 255109 
651 0 |a Roma   |9 255106 
651 0 |a Italia  |9 254949 
651 0 |a Grecia  |9 265314 
583 |a last modification  |c 20171221 01:21:21  |k Rodrigo Vera 
490 0 |a The Journal of Juristic Papyrology, 5 
999 |c 339327  |d 339325 
952 |0 0  |1 0  |4 0  |6 306_800000000000000_SLU_2005_2005  |7 0  |8 A  |9 432921  |a BIBDER  |b BIBDER  |d 2019-11-22  |i 4630939  |o 306.8 SLU 2005 2005  |p 4630939  |r 2023-01-25  |w 2019-11-22  |y BK  |k DER